| Tag |
First Indicator |
Second Indicator |
Subfields |
| LEADER |
00000cam a2200000Ia 4500 |
| 001 |
in00002786626 |
| 005 |
20211120170330.0 |
| 006 |
m d |
| 007 |
cr cn||||||||| |
| 008 |
120918s2012 coua ob f100 0 eng d |
| 035 |
|
|
|a (OCoLC)ocn810155390
|
| 040 |
|
|
|a SOE
|c SOE
|d OCLCO
|d GPO
|d OCLCO
|d GPO
|d MvI
|d UtOrBLW
|
| 043 |
|
|
|a n-us---
|
| 049 |
|
|
|a WWW
|
| 074 |
|
|
|a 0430-P-04 (online)
|
| 086 |
0 |
|
|a E 9.17:NREL/CP-5200-54132
|
| 088 |
|
|
|a NREL/CP-5200-54132
|
| 100 |
1 |
|
|a McCuskey, Troy.
|
| 245 |
1 |
0 |
|a Managing EHS of PV-related equipment at the National Renewable Energgy Laboratory :
|b preprint /
|c Troy McCuskey and Brent P. Nelson.
|
| 246 |
3 |
0 |
|a Managing environment, health, and safety of photovoltaic-related equipment at the National Renewable Energy Laboratory
|
| 256 |
|
|
|a Electronic data (1 PDF file : 395 Kb).
|
| 264 |
|
1 |
|a Golden, CO :
|b National Renewable Energy Laboratory,
|c [2012]
|
| 300 |
|
|
|a 1 online resource (6 unnumbered pages) :
|b illustrations
|
| 336 |
|
|
|a text
|b txt
|2 rdacontent
|
| 337 |
|
|
|a computer
|b c
|2 rdamedia
|
| 338 |
|
|
|a online resource
|b cr
|2 rdacarrier
|
| 490 |
1 |
|
|a Conference paper NREL/CP ;
|v 5200-54132
|
| 538 |
|
|
|a Full text available via Internet in .pdf format. Adobe Acrobat Reader required.
|
| 500 |
|
|
|a Title from PDF title screen (viewed Sept. 18, 2012).
|
| 500 |
|
|
|a "June 2012."
|
| 500 |
|
|
|a "Contract Number DE-AC36-08GO28308."
|
| 500 |
|
|
|a "Presented at the 2012 IEEE Photovoltaic Specialists Conference, Austin, Texas, June 3-8, 2012."
|
| 504 |
|
|
|a Includes bibliographical references (page 4).
|
| 520 |
3 |
|
|a Managing environment, health, and safety (EHS) risks at a national laboratory, or university, can be intimidating to a researcher who is focused on research results. Laboratory research and development (R&D) operations are often driven by scientists with limited engineering support and lack well-refined equipment development resources. To add to the burden for a researcher, there is a plethora of codes, standards, and regulations that govern the safe installation and operation of photovoltaic-related R&D equipment -- especially those involving hazardous production materials. To help guide the researcher through the vast list of requirements, the EHS office at NREL has taken a variety of steps. Organizationally, the office has developed hazard-specific laboratory-level procedures to govern particular activities. These procedures are a distillation of appropriate international codes, fire agencies, SEMI standards, U.S. Department of Energy orders, and other industry standards to those necessary and sufficient to govern the safe operation of a given activity. The EHS office works proactively with researchers after a concept for a new R&D capability is conceived to help guide the safe design, acquisition, installation, and operation of the equipment. It starts with a safety assessment at the early stages such that requirements are implemented to determine the level of risk and degree of complexity presented by the activity so appropriate controls can be put in place to manage the risk. As the equipment requirements and design are refined, appropriate equipment standards are applied.
|
| 500 |
|
|
|a Electronic resource.
|
| 650 |
|
0 |
|a Photovoltaic power generation
|x Equipment and supplies
|x Safety measures.
|
| 650 |
|
0 |
|a Laboratories
|x Equipment and supplies
|x Safety measures.
|
| 650 |
|
0 |
|a Industrial safety.
|
| 700 |
1 |
|
|a Nelson, Brent P.
|
| 710 |
2 |
|
|a National Renewable Energy Laboratory (U.S.)
|
| 711 |
2 |
|
|a IEEE Photovoltaic Specialists Conference
|n (38th :
|d 2012 :
|c Austin, Texas)
|
| 830 |
|
0 |
|a Conference paper (National Renewable Energy Laboratory (U.S.)) ;
|v 5200-54132.
|
| 856 |
4 |
0 |
|u https://purl.fdlp.gov/GPO/gpo30560
|t 0
|
| 999 |
|
|
|a MARS
|
| 999 |
f |
f |
|s c73b9c9c-a002-361e-bbd2-8f766dc1d74c
|i 877a5c9c-afdb-31e7-9c12-57df35d9e5ae
|t 0
|
| 952 |
f |
f |
|a Texas A&M University
|b College Station
|c Electronic Resources
|d Available Online
|t 0
|e E 9.17:NREL/CP-5200-54132
|h Superintendent of Documents classification
|
| 998 |
f |
f |
|a E 9.17:NREL/CP-5200-54132
|t 0
|l Available Online
|